Flexibilné formy zamestnávania a ich dopady na podnik a zamestnancov diplomová práca

Gespeichert in:
Bibliographische Detailangaben
1. Verfasser: Demitrovičová, Lucia
Körperschaft: Fakulta podnikového manažmentu EU. Katedra manažmentu
Weitere Verfasser: Jankelová, Nadežda, 1966-
Format: Buch
Sprache:Slowakisch
Veröffentlicht: Bratislava 2025
Tags: Tag hinzufügen
Keine Tags, Fügen Sie das erste Tag hinzu!

MARC

LEADER 00000nbm a2200000 4500
001 0309783
005 20260324104726.7
041 0 |a slo 
044 |a SK 
245 1 0 |a Flexibilné formy zamestnávania a ich dopady na podnik a zamestnancov  |b diplomová práca  |c Lucia Demitrovičová ; školiteľ: Nadežda Jankelová 
264 1 |a Bratislava  |c 2025 
300 |a 83 s. 
100 1 |a Demitrovičová, Lucia 
700 1 |a Jankelová, Nadežda, 1966- 
710 2 |a Fakulta podnikového manažmentu EU. Katedra manažmentu